000
00297nam a2200133Ia 4500
008
260604s9999 xx 000 0 und d
020
_a
9780008277772
082
_a
813.5 ASI
100
_a
Isaac asimov
_9
35942
245
0
_a
The Naked Sun
260
_b
HarperCollins
500
_a
Sun
942
_c
BK
999
_c
8783
_d
8783